Opening Words of TV Series Quiz Stats

Quiz Updated Mar 22, 2016

Challenge
Share
Tweet
Embed
Score 0/22 Timer 05:00
0 Plays Today
% Correct
The Simpsons
98.3%
Breaking Bad
90.9%
How I Met Your Mother
90%
Home Improvement
89.9%
Star Trek
89.7%
Pinky and the Brain
87.4%
The Fresh Prince of Bel-Air
86.7%
The Big Bang Theory
85.1%
Friday Night Lights
80.9%
Battlestar Galactica
80.1%
Dragon Ball Z
79.8%
% Correct
Dallas
76.2%
South Park
69.1%
Sex and the City
68.2%
ALF
65.2%
House of Cards
60.2%
My Name Is Earl
59.7%
Fawlty Towers
58.8%
Futurama
55.5%
Married... With Children
54.2%
Friends
50.9%
Blackadder
48.1%

You're not logged in!

Compare scores with friends on all Sporcle quizzes.
Join for Free
OR
Log In

You Might Also Like...

Show Comments

Extras

Top Quizzes Today


Score Distribution

Your Account Isn't Verified!

In order to create a playlist on Sporcle, you need to verify the email address you used during registration. Go to your Sporcle Settings to finish the process.

Report this User

Report this user for behavior that violates our Community Guidelines.

Details: